En los umbrales de un luminoso futuro
Guardat en:
| Autor principal: | |
|---|---|
| Format: | Llibre |
| Idioma: | espanyol |
| Publicat: |
A.C.E.S.
1976.
|
| Matèries: | |
| Etiquetes: |
Afegir etiqueta
Sense etiquetes, Sigues el primer a etiquetar aquest registre!
|
MARC
| LEADER | 00000nam a22000005a 4500 | ||
|---|---|---|---|
| 001 | 1911 | ||
| 003 | CL-ChBUA | ||
| 005 | 20120815102745.0 | ||
| 008 | 070301s1976 ag 000 0 spa | ||
| 040 | |a CL-ChBUA |c CL-ChBUA | ||
| 082 | 0 | 0 | |a 236 |
| 090 | |c 1911 |d 1911 | ||
| 100 | 1 | |a Ampuero Matta, Víctor Enrique. | |
| 245 | 1 | 0 | |a En los umbrales de un luminoso futuro |
| 260 | |b A.C.E.S. |c 1976. | ||
| 300 | |a 188 p.: il. |b 188 p.: il. |c 23 cm. | ||
| 504 | |a Indice. | ||
| 650 | 4 | |a ESCATOLOGIA. | |
| 942 | |c LIB | ||
| 952 | |0 0 |1 0 |2 ddc |4 0 |6 236_000000000000000_AM_526U__C_1 |7 0 |9 2751 |a UNACH |b UNACH |c 200 |d 2007-03-05 |i 12.383 |l 0 |o 236 / Am 526u. c.1 |p 3750 |r 2012-12-27 00:00:00 |u 2751 |w 2012-08-08 |y LIB | ||
| 952 | |0 0 |1 0 |2 ddc |4 0 |6 236_000000000000000_AM_526U__C_2 |7 0 |9 2752 |a UNACH |b UNACH |c 200 |d 2007-03-05 |i 12.382 |l 0 |o 236 / Am 526u. c.2 |p 3751 |r 2012-12-27 00:00:00 |u 2752 |w 2012-08-08 |y LIB | ||
| 952 | |0 0 |1 0 |4 0 |7 0 |9 2753 |a UNACH |b UNACH |c 200 |d 2007-03-05 |i 12.647 |l 0 |o 236 / Am 526u. c.3 |p 3752 |r 2012-12-27 00:00:00 |u 2753 |w 2012-08-08 |y LIB |k 236 / Am 526u. c.3 | ||
| 952 | |0 0 |1 0 |4 0 |7 0 |9 2754 |a UNACH |b UNACH |c 200 |d 2007-03-05 |i 12.648 |l 0 |o 236 / Am 526u. c.4 |p 3753 |r 2012-12-27 00:00:00 |u 2754 |w 2012-08-08 |y LIB |k 236 / Am 526u. c.4 | ||
| 952 | |0 0 |1 0 |4 0 |7 0 |9 2755 |a UNACH |b UNACH |c 200 |d 2007-03-05 |i 18.029 |l 0 |o 236 / Am 526u. c.5 |p 3754 |r 2013-09-03 00:00:00 |u 2755 |w 2012-08-08 |y LIB |k 236 / Am 526u. c.5 | ||
| 999 | |c 1911 |d 1911 | ||